000 00477cam a22002051 4500
001 sa 66006637
003 DLC
005 20260227112257.0
008 890629s1966 ii 000 0 beno
010 _asa 66006637
035 _a(OCoLC)19949460
040 _aDLC
_cWaU
_dDLC
050 0 0 _aG464
_b.B57
100 1 _aBose, Buddhadeva.
245 1 0 _aDeśāntara.
260 _c[1966]
300 _a309 p.
_c23 cm.
500 _aIn Bengali.
650 0 _aVoyages and travels
999 _c70608
_d70608